|
|
|
|
| LEADER |
00818cam a2200217 7i4500 |
| 001 |
0000036306 |
| 005 |
20170218090000.0 |
| 008 |
110411 eng |
| 020 |
|
|
|a 0205615643 (hbk.)
|
| 020 |
|
|
|a 9780205615643 (hbk.)
|
| 090 |
0 |
0 |
|a P91.3
|b .L47 2010
|
| 100 |
1 |
|
|a Leslie, Larry Z
|
| 245 |
1 |
0 |
|a Communication research methods in postmodern culture :
|b a revisionist approach
|c Larry Z. Leslie.
|
| 260 |
|
|
|a Boston:
|b Allyn & Bacon,
|c 2010.
|
| 300 |
|
|
|a xii, 244 p.;
|c 24 cm.
|
| 504 |
|
|
|a Includes bibliographical references and index
|
| 650 |
0 |
0 |
|a Communication --
|x Research
|
| 650 |
0 |
0 |
|a Postmodernism
|
| 997 |
|
|
|a Communication, Visual Art & Computing, Faculty
|b Communication, Department
|
| 998 |
|
|
|a Media & Communication, Diploma
|
| 999 |
|
|
|a 0000049236
|b BOK
|c OPEN SHELF
|e 1st Floor, Bestari Jaya
|